| 000 | 00562nam a2200181 i 4500 | ||
|---|---|---|---|
| 001 | 104030 | ||
| 003 | ES-MaACL | ||
| 005 | 20230906183509.0 | ||
| 007 | t| | ||
| 008 | 051122s1966 sp ||||1| spa d | ||
| 100 | 1 |
_aMeune, René. _980755 |
|
| 245 | 1 | 0 |
_aCables de acero / _cpor René Meune; prefacio de A. Pommier; traducido por Félix López Otamendi. |
| 260 |
_aBilbao : _bUrmo, _c1966. |
||
| 300 |
_a271 p. : _bil. ; _c25 cm. |
||
| 700 | 1 |
_aLópez Otamendi, Félix. _973852 |
|
| 700 | 1 |
_aPommier, Auguste. _992927 |
|
| 852 |
_aES-MaACL _jC-29557 _bR.59973 |
||
| 999 |
_c104030 _d104030 |
||